000 00807cab a2200241 4500
001 WB2835-09
008 090401t1992 xxu||||| |||| 00| 0 eng d
035 _a(Sirsi) u6838
041 _aeng
245 _aFlat roof problems
260 _c1992
350 _a0
490 _aCS Monthly
_bthe Building Surveyor
_v2(1) September 1992, 1(1)
520 _aThe development of a knowledge-based computer program to diagnose faults in flat roofs is to be undertaken by Dr R J Allwood of Loughborough University.
650 _aBUILDING DEFECTS
650 _aFLAT ROOFS
650 _aKNOWLEDGE-BASED COMPUTER PROGRAMS
650 _aLINK PROGRAMME
690 _aBUILT ENVIRONMENT-BUILDING PATHOLOGY
690 _aMANAGEMENT-BUSINESS MANAGEMENT-INFORMATION MANAGEMENT
942 _n0
948 _c04/03/1997
999 _c4064
_d4064